[Event "Faaker See op 27th"]
[Site "Latschach (13.8.-20.8)"]
[Date "2011.08.18"]
[Round "7.1"]
[White "Malakhatko, Vadim"]
[Black "Rotstein, Arkadij"]
[Result "1-0"]
[WhiteElo "2546"]
[BlackElo "2479"]
[PlyCount "99"]
[EventDate "2011.08.13"]
[EventType "swiss"]
[EventRounds "9"]
[EventCountry "AUT"]
[WhiteTeam "FRA (Frankreich)"]
[BlackTeam "Porz SG"]
[WhiteTeamCountry "FRA"]
[BlackTeamCountry "GER"]

1. d4 f5 2. Nc3 d5 3. Bf4 a6 4. e3 Nf6 5. Bd3 e6 6. Nce2 c5 7. dxc5 Bxc5 8. Nf3
Nc6 9. O-O Qe7 10. Ned4 O-O 11. c4 Bd7 12. Rc1 Bxd4 13. exd4 Nb4 14. Be2 Nxa2
15. Ra1 Nb4 16. c5 Ne4 17. Ne5 Bb5 18. f3 Bxe2 19. Qxe2 Nf6 20. Nd3 Nxd3 21.
Bd6 Nf4 22. Qd2 Qf7 23. Bxf8 Nh3+ 24. gxh3 Rxf8 25. Rae1 Nh5 26. Kh1 Qf6 27.
Rg1 h6 28. Re5 Kf7 29. Qb4 Qe7 30. Rge1 Nf4 31. Rxf5+ Kg8 32. Rxf8+ Kxf8 33.
Qb6 Kg8 34. Qd6 Qh4 35. Rg1 g5 36. Rg3 Kh7 37. Qe7+ Kh8 38. Qxb7 Ne2 39. Qb8+
Kh7 40. Qc7+ Kg6 41. Qe5 Nxg3+ 42. hxg3 Qxh3+ 43. Kg1 Kf7 44. c6 Ke7 45. Qg7+
Ke8 46. Qd7+ Kf8 47. Qd6+ Ke8 48. c7 e5 49. Qc6+ Ke7 50. Qc5+ 1-0

[Event "Faaker See op 27th"]
[Site "Latschach (13.8.-20.8)"]
[Date "2011.08.18"]
[Round "7.2"]
[White "Kukov, Velislav"]
[Black "Stopa, Jacek"]
[Result "1/2-1/2"]
[WhiteElo "2377"]
[BlackElo "2474"]
[PlyCount "34"]
[EventDate "2011.08.13"]
[EventType "swiss"]
[EventRounds "9"]
[EventCountry "AUT"]
[WhiteTeam "BUL (Bulgarien)"]
[BlackTeam "POL (Polen)"]
[WhiteTeamCountry "BUL"]
[BlackTeamCountry "POL"]

1. Nf3 f5 2. d4 Nf6 3. c4 g6 4. g3 Bg7 5. Bg2 O-O 6. O-O d6 7. b4 Ne4 8. Bb2 c5
9. Qb3 cxb4 10. Qxb4 Nc6 11. Qb3 Qb6 12. e3 Be6 13. Nbd2 Na5 14. Qxb6 axb6 15.
Rfc1 Nxd2 16. Nxd2 Rac8 17. Bd5 Bxd5 1/2-1/2

[Event "Faaker See op 27th"]
[Site "Latschach (13.8.-20.8)"]
[Date "2011.08.18"]
[Round "7.3"]
[White "Posch, Roland"]
[Black "Van Ginkel, Pieter"]
[Result "0-1"]
[WhiteElo "2123"]
[BlackElo "2244"]
[PlyCount "118"]
[EventDate "2011.08.13"]
[EventType "swiss"]
[EventRounds "9"]
[EventCountry "AUT"]
[WhiteTeam "AUT (Österreich)"]
[BlackTeam "Nürnberg-Süd SW"]
[WhiteTeamCountry "AUT"]
[BlackTeamCountry "GER"]

1. e4 c5 2. Nf3 Nc6 3. c3 Nf6 4. e5 Nd5 5. d4 cxd4 6. cxd4 d6 7. Bc4 Nb6 8. Bb3
Bf5 9. O-O e6 10. Nc3 Be7 11. Bf4 d5 12. h3 a6 13. Bc2 Bxc2 14. Qxc2 Rc8 15.
Rac1 Nc4 16. b3 Na3 17. Qe2 O-O 18. Rfd1 Qa5 19. Na4 Nb4 20. Bd2 Qb5 21. Qxb5
Nxb5 22. Bxb4 Bxb4 23. Nb6 Rxc1 24. Rxc1 Bc3 25. a4 Nxd4 26. Nxd4 Bxd4 27. Nd7
Rd8 28. Rc7 b6 29. Kf1 g5 30. Ke2 Kg7 31. f3 Kg6 32. Kd3 Bf2 33. g4 h5 34. Rb7
hxg4 35. hxg4 b5 36. axb5 axb5 37. Nb8 Rc8 38. Rxb5 d4 39. Nd7 Rc3+ 40. Ke2
Rc2+ 41. Kd3 Rc3+ 42. Ke2 Bg3 43. Rb8 Kg7 44. Nf6 Re3+ 45. Kd2 Bxe5 46. Nh5+
Kg6 47. Rb5 f6 48. Rb7 Rxf3 49. Rg7+ Kh6 50. Re7 Rxb3 51. Rxe6 Kg6 52. Re7 d3
53. Rg7+ Kh6 54. Rf7 Ra3 55. Rf8 Bc3+ 56. Ke3 d2 57. Ke2 Ra1 58. Rh8+ Kg6 59.
Rg8+ Kf7 0-1

[Event "Faaker See op 27th"]
[Site "Latschach (13.8.-20.8)"]
[Date "2011.08.18"]
[Round "7.4"]
[White "Okhotnik, Vladimir"]
[Black "Niedermeier, Thomas(90)"]
[Result "1-0"]
[WhiteElo "2455"]
[BlackElo "2165"]
[PlyCount "67"]
[EventDate "2011.08.13"]
[EventType "swiss"]
[EventRounds "9"]
[EventCountry "AUT"]
[WhiteTeam "FRA (Frankreich)"]
[BlackTeam "Ilmmünster SV"]
[WhiteTeamCountry "FRA"]
[BlackTeamCountry "GER"]

1. d4 Nf6 2. Nf3 g6 3. Nc3 d5 4. Bf4 Bg7 5. e3 O-O 6. Be2 c6 7. Ne5 Nfd7 8. h4
f6 9. Nxd7 Nxd7 10. h5 e5 11. Bg3 g5 12. h6 Bh8 13. Qd2 b5 14. f4 gxf4 15. Bf2
f5 16. exf4 exd4 17. Bxd4 Bxd4 18. Qxd4 Qf6 19. Qd2 d4 20. Nd1 Nc5 21. Nf2 Ne4
22. Nxe4 fxe4 23. O-O-O c5 24. Rh5 e3 25. Qd3 Bf5 26. Qxb5 Kh8 27. g4 Bg6 28.
Rxc5 d3 29. g5 d2+ 30. Kb1 Qxf4 31. Qb7 Qf7 32. Rc7 Bxc2+ 33. Kxc2 Qg6+ 34. Bd3
1-0

[Event "Faaker See op 27th"]
[Site "Latschach (13.8.-20.8)"]
[Date "2011.08.18"]
[Round "7.5"]
[White "Fiala, Vaclav"]
[Black "Guido, Flavio"]
[Result "0-1"]
[WhiteElo "2162"]
[BlackElo "2388"]
[PlyCount "84"]
[EventDate "2011.08.13"]
[EventType "swiss"]
[EventRounds "9"]
[EventCountry "AUT"]
[WhiteTeam "CZE (Tschechien)"]
[BlackTeam "ITA (Italien)"]
[WhiteTeamCountry "CZE"]
[BlackTeamCountry "ITA"]

1. e4 c5 2. c3 d5 3. exd5 Qxd5 4. d4 Nf6 5. Nf3 e6 6. Bd3 Nc6 7. O-O cxd4 8.
cxd4 Be7 9. Nc3 Qd6 10. a3 O-O 11. Bc2 Rd8 12. Be3 b6 13. Qd3 Bb7 14. Rad1 Rac8
15. Rfe1 a6 16. Bg5 g6 17. Bb3 b5 18. Ba2 Na5 19. d5 Nc4 20. Qe2 Nxd5 21. Nxd5
Bxg5 22. Nf6+ Bxf6 23. Rxd6 Rxd6 24. Bxc4 Rxc4 25. h3 Bxf3 26. gxf3 Rcd4 27.
Qe3 Rd3 28. Qc1 Rd2 29. b3 Kg7 30. Kg2 Ra2 31. Rf1 Rdd2 32. Qc5 Bd4 33. Qd6 a5
34. h4 h5 35. Qb8 Bxf2 36. Qe5+ Kh7 37. Rxf2 Rxf2+ 38. Kg3 Rg2+ 39. Kh3 Rh2+
40. Kg3 Rag2+ 41. Kf4 Re2 42. Qd6 Rhg2 0-1

[Event "Faaker See op 27th"]
[Site "Latschach (13.8.-20.8)"]
[Date "2011.08.18"]
[Round "7.6"]
[White "Koch, Markus(06.76)"]
[Black "Riemelmoser, Franz Dr"]
[Result "0-1"]
[WhiteElo "2135"]
[BlackElo "2308"]
[PlyCount "76"]
[EventDate "2011.08.13"]
[EventType "swiss"]
[EventRounds "9"]
[EventCountry "AUT"]
[WhiteTeam "Frankfurt-Brett vor'm Kopp SC"]
[BlackTeam "Simbach SC"]
[WhiteTeamCountry "GER"]
[BlackTeamCountry "GER"]

1. d4 e6 2. c4 Nf6 3. g3 Bb4+ 4. Bd2 Be7 5. Bg2 d5 6. Nf3 O-O 7. O-O c6 8. Qc2
b6 9. cxd5 cxd5 10. Rc1 Ba6 11. Bf4 Nbd7 12. Nc3 b5 13. a4 b4 14. Nb5 Ne4 15.
Nd2 Nxd2 16. Qxd2 Bxb5 17. axb5 Qb6 18. Qd3 Rac8 19. Rc6 Rxc6 20. Ra6 Qxa6 21.
bxa6 Nb6 22. e4 Rfc8 23. Qb5 Bf6 24. Qxb4 Rc4 25. Qb3 Bxd4 26. exd5 Nxd5 27.
Bxd5 exd5 28. Be3 Bxe3 29. Qxe3 d4 30. Qd3 h6 31. Kg2 Rb4 32. h4 Rd8 33. b3 Rb6
34. Kf3 Rc6 35. Ke2 Rc3 36. Qb5 d3+ 37. Kd2 Rc2+ 38. Kd1 d2 0-1

[Event "Faaker See op 27th"]
[Site "Latschach (13.8.-20.8)"]
[Date "2011.08.18"]
[Round "7.8"]
[White "Hresc, Vladimir"]
[Black "Kern, Guido"]
[Result "1/2-1/2"]
[WhiteElo "2408"]
[BlackElo "2299"]
[PlyCount "125"]
[EventDate "2011.08.13"]
[EventType "swiss"]
[EventRounds "9"]
[EventCountry "AUT"]
[WhiteTeam "CRO (Kroatien)"]
[BlackTeam "Dinslaken SV"]
[WhiteTeamCountry "CRO"]
[BlackTeamCountry "GER"]

1. e4 e6 2. d4 d5 3. Nc3 Nc6 4. Nf3 Nf6 5. e5 Ne4 6. Bb5 Bd7 7. Bxc6 Bxc6 8.
O-O Be7 9. Ne2 Bb5 10. Re1 Bxe2 11. Qxe2 c5 12. dxc5 Bxc5 13. Be3 Rc8 14. Bxc5
Nxc5 15. Nd4 O-O 16. c3 Qb6 17. Rad1 a6 18. Rd2 Qc7 19. f3 b5 20. Qe3 Qb6 21.
Rc2 Rc7 22. h4 Nd7 23. h5 f6 24. exf6 Rxf6 25. g4 e5 26. Nf5 Qxe3+ 27. Nxe3
Rxf3 28. Nxd5 Rc4 29. Rg2 Kf7 30. Re3 Rxe3 31. Nxe3 Rf4 32. Nd5 Rc4 33. Kf2 Ke6
34. Ne3 Ra4 35. a3 Rf4+ 36. Ke2 Nc5 37. b4 Na4 38. Kd3 Nb6 39. Nf5 Kf6 40. Nd6
Ke6 41. Nf5 g6 42. hxg6 hxg6 43. Ne3 Nd5 44. Rg3 Nxe3 45. Kxe3 g5 46. Rh3 Rxg4
47. Rh6+ Kf5 48. Rxa6 Rc4 49. Kd2 g4 50. a4 bxa4 51. Rxa4 g3 52. Ra1 g2 53. Rg1
Rg4 54. Ke2 Rg3 55. Kf2 Rxc3 56. Rxg2 Rb3 57. Rh2 Rb2+ 58. Kg3 Rxb4 59. Rh5+
Ke6 60. Kf3 Kd5 61. Ke2 Rb3 62. Rh4 Ra3 63. Kd2 1/2-1/2

[Event "Faaker See op 27th"]
[Site "Latschach (13.8.-20.8)"]
[Date "2011.08.18"]
[Round "7.9"]
[White "Barthel, Ansgar"]
[Black "Erlbeck, Peter"]
[Result "1-0"]
[WhiteElo "2199"]
[BlackElo "2096"]
[PlyCount "67"]
[EventDate "2011.08.13"]
[EventType "swiss"]
[EventRounds "9"]
[EventCountry "AUT"]
[WhiteTeam "Pirmasens SC"]
[BlackTeam "Nürnberg-Süd SW"]
[WhiteTeamCountry "GER"]
[BlackTeamCountry "GER"]

1. e4 c5 2. Nf3 Nc6 3. d4 cxd4 4. Nxd4 Nf6 5. Nc3 e6 6. Ndb5 d6 7. Bf4 e5 8.
Bg5 a6 9. Na3 b5 10. Bxf6 gxf6 11. Nd5 f5 12. c3 Bg7 13. exf5 Bxf5 14. Nc2 O-O
15. Nce3 Be6 16. g3 f5 17. Bg2 Ra7 18. O-O Ne7 19. a4 f4 20. Nxe7+ Rxe7 21. Nd5
Ref7 22. Be4 Qg5 23. axb5 axb5 24. Qd3 Qh6 25. f3 Qh3 26. Rf2 Kh8 27. g4 h5 28.
gxh5 Bf5 29. Rg2 Qh4 30. Bxf5 Rxf5 31. Kh1 Rxh5 32. Qg6 Rh7 33. Rag1 Rd8 34.
Qf7 1-0

[Event "Faaker See op 27th"]
[Site "Latschach (13.8.-20.8)"]
[Date "2011.08.18"]
[Round "7.10"]
[White "Kock, Hans-Uwe"]
[Black "Pakosta, Miroslav"]
[Result "1-0"]
[WhiteElo "2084"]
[BlackElo "2167"]
[PlyCount "105"]
[EventDate "2011.08.13"]
[EventType "swiss"]
[EventRounds "9"]
[EventCountry "AUT"]
[WhiteTeam "Rendsburg-VHS SV"]
[BlackTeam "CZE (Tschechien)"]
[WhiteTeamCountry "GER"]
[BlackTeamCountry "CZE"]

1. d4 c5 2. d5 f5 3. g3 g6 4. Bg2 Bg7 5. Nh3 Qb6 6. c3 Nf6 7. Nd2 d6 8. O-O O-O
9. Qc2 Na6 10. Re1 Nc7 11. c4 e5 12. dxe6 Nxe6 13. e3 Bd7 14. b3 Bc6 15. f3 d5
16. Bb2 Rad8 17. Rad1 Qc7 18. a4 b6 19. Nf2 Qb7 20. cxd5 Nxd5 21. Bxg7 Qxg7 22.
e4 fxe4 23. fxe4 Qc3 24. Qc1 Qxc1 25. Rxc1 Nb4 26. Nf3 Nd4 27. Nxd4 Rxd4 28.
Rcd1 Nc2 29. Rxd4 Nxd4 30. Re3 Kf7 31. Nd3 Ke7 32. Ne5 Bd7 33. Nxd7 Kxd7 34. e5
a5 35. Bd5 Ke7 36. Kg2 Rd8 37. Bc4 Rf8 38. g4 g5 39. Rh3 Rh8 40. Rh6 Rb8 41.
Rxh7+ Kd8 42. Rg7 Nc6 43. Rxg5 Ke7 44. h4 Rd8 45. h5 Rd2+ 46. Kg3 Rd1 47. h6
Rh1 48. Rh5 Rxh5 49. gxh5 Kf8 50. Kf4 Nd4 51. Kg5 Nf3+ 52. Kf6 Nh2 53. Bd3 1-0

[Event "Faaker See op 27th"]
[Site "Latschach (13.8.-20.8)"]
[Date "2011.08.18"]
[Round "7.12"]
[White "Saathoff, Richard"]
[Black "Yazman, Ozgur"]
[Result "1/2-1/2"]
[WhiteElo "2111"]
[BlackElo "1993"]
[PlyCount "121"]
[EventDate "2011.08.13"]
[EventType "swiss"]
[EventRounds "9"]
[EventCountry "AUT"]
[WhiteTeam "Nürnberg-Süd SW"]
[BlackTeam "CYP (Zypern)"]
[WhiteTeamCountry "GER"]
[BlackTeamCountry "CYP"]

1. e4 c5 2. Nf3 e6 3. d4 Qb6 4. Nc3 cxd4 5. Nxd4 Bc5 6. Na4 Qa5+ 7. c3 Be7 8.
b4 Bxb4 9. cxb4 Qxb4+ 10. Ke2 e5 11. Qc2 Ne7 12. Nf3 Nbc6 13. Rb1 Qd6 14. Qc5
Qg6 15. Nc3 b6 16. Qe3 d5 17. Qg5 dxe4 18. Qxg6 exf3+ 19. Kxf3 Nd4+ 20. Kg3
Nxg6 21. Ba3 h5 22. f3 Bf5 23. Rc1 Rc8 24. Ba6 Rc7 25. Kf2 Bc8 26. Bd3 Nf4 27.
Be4 Bb7 28. Nd5 Nxd5 29. Bxd5 Rc2+ 30. Rxc2 Nxc2 31. Bxb7 Nxa3 32. Rd1 Ke7 33.
Re1 f6 34. Rc1 Rd8 35. Kg3 Nb5 36. Be4 Nd4 37. Rc7+ Rd7 38. Rxd7+ Kxd7 39. Kh4
g5+ 40. Kxh5 a5 41. Kg6 Ke7 42. g3 f5 43. Bxf5 Nxf3 44. h3 b5 45. Be4 Nd2 46.
Bc6 b4 47. Kxg5 Kd6 48. Be8 e4 49. h4 e3 50. Bb5 a4 51. h5 b3 52. axb3 axb3 53.
h6 b2 54. h7 b1=Q 55. h8=Q Qxb5+ 56. Kf4 Nf1 57. Qf6+ Kc5 58. Qe5+ Kb4 59.
Qxb5+ Kxb5 60. Kf3 Kc4 61. Ke2 1/2-1/2

[Event "Faaker See op 27th"]
[Site "Latschach (13.8.-20.8)"]
[Date "2011.08.18"]
[Round "7.13"]
[White "Knoblauch, Leonhard"]
[Black "Rodman, Franc"]
[Result "0-1"]
[WhiteElo "2065"]
[BlackElo "2143"]
[PlyCount "100"]
[EventDate "2011.08.13"]
[EventType "swiss"]
[EventRounds "9"]
[EventCountry "AUT"]
[WhiteTeam "Ilmmünster SV"]
[BlackTeam "SLO (Slowenien)"]
[WhiteTeamCountry "GER"]
[BlackTeamCountry "SLO"]

1. e4 e5 2. Nf3 Nc6 3. Bb5 Nf6 4. O-O Bc5 5. Re1 Ng4 6. Re2 Nd4 7. Nxd4 Bxd4 8.
h3 Nxf2 9. Rxf2 Bxf2+ 10. Kxf2 Qf6+ 11. Ke1 Qh4+ 12. Kf1 Qxe4 13. Nc3 Qd4 14.
Qf3 c6 15. Bd3 O-O 16. Qf5 g6 17. Qf6 Re8 18. Be2 Re6 19. Qd8+ Kg7 20. d3 d5
21. Bf3 Qc5 22. Qh4 Bd7 23. Bh6+ Kg8 24. Re1 Rae8 25. Be3 Qa5 26. Bh6 Qd8 27.
Bg5 f6 28. Bh6 Bc8 29. Qf2 b6 30. a4 Bb7 31. Qg3 Qe7 32. Bg4 Rd6 33. Kg1 Bc8
34. Bxc8 Rxc8 35. Qf2 Re6 36. Bd2 f5 37. g3 d4 38. Nb1 c5 39. Na3 e4 40. Bf4 g5
41. Bc1 Rf8 42. Nc4 h6 43. b3 Kh7 44. Bb2 f4 45. g4 f3 46. dxe4 Rxe4 47. Rxe4
Qxe4 48. Nd6 Qe2 49. Nc4 Re8 50. Ba3 Qd1+ 0-1

[Event "Faaker See op 27th"]
[Site "Latschach (13.8.-20.8)"]
[Date "2011.08.18"]
[Round "7.14"]
[White "Wegerer, Fred"]
[Black "Kwossek, Georg"]
[Result "1-0"]
[WhiteElo "2142"]
[BlackElo "1937"]
[PlyCount "71"]
[EventDate "2011.08.13"]
[EventType "swiss"]
[EventRounds "9"]
[EventCountry "AUT"]
[WhiteTeam "AUT (Österreich)"]
[BlackTeam "Kitzingen SC"]
[WhiteTeamCountry "AUT"]
[BlackTeamCountry "GER"]

1. c4 f5 2. Nc3 Nf6 3. d3 e5 4. g3 g6 5. h4 Bg7 6. Bg5 h6 7. Bd2 c6 8. e4 d6 9.
Nh3 Na6 10. Be2 fxe4 11. Nxe4 Nxe4 12. dxe4 Nc5 13. f3 Bxh3 14. Rxh3 Qd7 15.
Rh2 O-O-O 16. Be3 Kb8 17. Bf1 Qf7 18. Rd2 Qe7 19. Bh3 Rhf8 20. Qe2 Ne6 21. Bxe6
Qxe6 22. O-O-O Qf6 23. Rd3 d5 24. Bc5 dxc4 25. Rd6 Rxd6 26. Bxd6+ Kc8 27. Bxf8
Bxf8 28. Qxc4 Qxf3 29. Qe6+ Kc7 30. Qxe5+ Kb6 31. Qd4+ Bc5 32. Qd8+ Kb5 33.
Qd3+ Qxd3 34. Rxd3 Bf2 35. e5 Kc4 36. Kd2 1-0

[Event "Faaker See op 27th"]
[Site "Latschach (13.8.-20.8)"]
[Date "2011.08.18"]
[Round "7.15"]
[White "Roescheisen, Markus"]
[Black "Scholvin, Erich"]
[Result "1/2-1/2"]
[WhiteElo "1977"]
[BlackElo "2058"]
[PlyCount "23"]
[EventDate "2011.08.13"]
[EventType "swiss"]
[EventRounds "9"]
[EventCountry "AUT"]
[WhiteTeam "Esslingen-RSK TSV"]
[BlackTeam "Hamburger SK"]
[WhiteTeamCountry "GER"]
[BlackTeamCountry "GER"]

1. e4 e6 2. d4 d5 3. exd5 exd5 4. Bd3 Nc6 5. c3 Bd6 6. Nf3 Nge7 7. O-O Bg4 8.
h3 Bh5 9. Re1 Bg6 10. Ne5 O-O 11. Bf4 Bxd3 12. Nxd3 1/2-1/2

[Event "Faaker See op 27th"]
[Site "Latschach (13.8.-20.8)"]
[Date "2011.08.18"]
[Round "7.16"]
[White "Skok, Joze"]
[Black "Sorcnik, Franc"]
[Result "1/2-1/2"]
[WhiteElo "2004"]
[BlackElo "2113"]
[PlyCount "28"]
[EventDate "2011.08.13"]
[EventType "swiss"]
[EventRounds "9"]
[EventCountry "AUT"]
[WhiteTeam "SLO (Slowenien)"]
[BlackTeam "SLO (Slowenien)"]
[WhiteTeamCountry "SLO"]
[BlackTeamCountry "SLO"]

1. e4 c5 2. Nc3 Nc6 3. g3 g6 4. Bg2 Bg7 5. Nge2 e6 6. O-O Nge7 7. d3 O-O 8. Be3
d6 9. Qd2 Nd4 10. Nd1 Rb8 11. c3 Nxe2+ 12. Qxe2 b5 13. f4 f5 14. Nf2 Qc7
1/2-1/2

[Event "Faaker See op 27th"]
[Site "Latschach (13.8.-20.8)"]
[Date "2011.08.18"]
[Round "7.17"]
[White "Tarmann, Johannes"]
[Black "Mladenov, Plamen"]
[Result "1/2-1/2"]
[WhiteElo "2019"]
[BlackElo "2107"]
[PlyCount "84"]
[EventDate "2011.08.13"]
[EventType "swiss"]
[EventRounds "9"]
[EventCountry "AUT"]
[WhiteTeam "AUT (Österreich)"]
[BlackTeam "BUL (Bulgarien)"]
[WhiteTeamCountry "AUT"]
[BlackTeamCountry "BUL"]

1. Nf3 Nf6 2. g3 d5 3. Bg2 c6 4. d3 Bf5 5. O-O h6 6. Nbd2 e6 7. b3 Be7 8. Bb2
O-O 9. c4 a5 10. a3 Bh7 11. Qc2 Na6 12. h3 Qb6 13. Bd4 c5 14. Bb2 Nb8 15. Rab1
Nc6 16. Ne5 d4 17. Nxc6 bxc6 18. Nf3 Bd6 19. b4 axb4 20. axb4 cxb4 21. Nxd4
Rac8 22. Nb3 c5 23. Ra1 h5 24. Qd2 Bg6 25. Qg5 Nh7 26. Qe3 Qc7 27. Ra5 Qe7 28.
Rfa1 Rc7 29. d4 cxd4 30. Qxd4 e5 31. Qd5 Nf6 32. Qb5 Nd7 33. Bd5 Bc2 34. Nd2
Nc5 35. Ra8 e4 36. e3 Kh7 37. Rxf8 Qxf8 38. Ra8 Rc8 39. Ra7 f6 40. Rf7 Qe8 41.
Qxe8 Rxe8 42. Bxf6 Kg6 1/2-1/2

[Event "Faaker See op 27th"]
[Site "Latschach (13.8.-20.8)"]
[Date "2011.08.18"]
[Round "7.18"]
[White "Seisenberger, Georg"]
[Black "Meertens, Martin"]
[Result "1/2-1/2"]
[WhiteElo "2014"]
[BlackElo "2122"]
[PlyCount "45"]
[EventDate "2011.08.13"]
[EventType "swiss"]
[EventRounds "9"]
[EventCountry "AUT"]
[WhiteTeam "Ilmmünster SV"]
[BlackTeam "Köln-Klub Sfr."]
[WhiteTeamCountry "GER"]
[BlackTeamCountry "GER"]

1. d4 d5 2. c4 c6 3. Nf3 Nf6 4. Nc3 a6 5. a4 g6 6. Bf4 Bg7 7. h3 O-O 8. e3 Qb6
9. Ra3 a5 10. cxd5 cxd5 11. Rb3 Qd8 12. Nb5 Na6 13. Rc3 Ne4 14. Rc1 Bd7 15. Ne5
Be8 16. Nd3 Bc6 17. Be2 h5 18. O-O Nd6 19. Ne5 Nb4 20. Nf3 Ne4 21. Ne5 Nd6 22.
Nf3 Ne4 23. Ne5 1/2-1/2

[Event "Faaker See op 27th"]
[Site "Latschach (13.8.-20.8)"]
[Date "2011.08.18"]
[Round "7.19"]
[White "Kainz, Josef Dr"]
[Black "Fiorido, Giuseppe"]
[Result "0-1"]
[WhiteElo "1988"]
[BlackElo "2124"]
[PlyCount "82"]
[EventDate "2011.08.13"]
[EventType "swiss"]
[EventRounds "9"]
[EventCountry "AUT"]
[WhiteTeam "AUT (Österreich)"]
[BlackTeam "ITA (Italien)"]
[WhiteTeamCountry "AUT"]
[BlackTeamCountry "ITA"]

1. d4 Nf6 2. Nf3 e6 3. e3 d5 4. Bd3 Nbd7 5. Nbd2 Be7 6. O-O O-O 7. c3 b6 8. Ne5
Nxe5 9. dxe5 Nd7 10. f4 Bb7 11. Qh5 g6 12. Qg4 Nc5 13. Be2 f6 14. b4 f5 15. Qg3
Ne4 16. Nxe4 dxe4 17. Rd1 Qe8 18. a4 Rd8 19. Bd2 Bd5 20. c4 Bc6 21. b5 Bb7 22.
a5 bxa5 23. Bxa5 Rxd1+ 24. Rxd1 Qc8 25. h4 Rd8 26. Ra1 Rd7 27. h5 Bc5 28. Kf2
Qe8 29. Rh1 Rg7 30. Qh3 g5 31. h6 g4 32. Qg3 Rd7 33. Bc3 Qg6 34. Bd4 Bf8 35.
Ra1 Be7 36. Bxa7 Qxh6 37. Rh1 Qxh1 38. Bxg4 Bh4 39. Bxf5+ Bxg3+ 40. Kxg3 exf5
41. c5 Qe1+ 0-1

[Event "Faaker See op 27th"]
[Site "Latschach (13.8.-20.8)"]
[Date "2011.08.18"]
[Round "7.20"]
[White "Hafner, Robert"]
[Black "Isola, Gernot"]
[Result "1/2-1/2"]
[WhiteElo "2113"]
[BlackElo "1993"]
[PlyCount "46"]
[EventDate "2011.08.13"]
[EventType "swiss"]
[EventRounds "9"]
[EventCountry "AUT"]
[WhiteTeam "AUT (Österreich)"]
[BlackTeam "AUT (Österreich)"]
[WhiteTeamCountry "AUT"]
[BlackTeamCountry "AUT"]

1. d4 e6 2. c4 f5 3. Nc3 Nf6 4. e3 d5 5. Nf3 c6 6. Bd3 Bd6 7. O-O O-O 8. b3 Qe7
9. Bb2 Nbd7 10. Qc2 Ne4 11. Ne2 g5 12. Ne5 Bxe5 13. dxe5 Nec5 14. f3 b6 15.
cxd5 cxd5 16. Bd4 Bb7 17. Qd2 Nxd3 18. Qxd3 Nc5 19. Qd2 Ba6 20. Bxc5 bxc5 21.
Rfc1 Bxe2 22. Qxe2 Rac8 23. Rc3 Rc6 1/2-1/2

[Event "Faaker See op 27th"]
[Site "Latschach (13.8.-20.8)"]
[Date "2011.08.18"]
[Round "7.21"]
[White "Saxer, Bernhard"]
[Black "Danner, Lambert"]
[Result "1/2-1/2"]
[WhiteElo "1956"]
[BlackElo "2103"]
[PlyCount "100"]
[EventDate "2011.08.13"]
[EventType "swiss"]
[EventRounds "9"]
[EventCountry "AUT"]
[WhiteTeam "AUT (Österreich)"]
[BlackTeam "AUT (Österreich)"]
[WhiteTeamCountry "AUT"]
[BlackTeamCountry "AUT"]

1. e4 e6 2. Nf3 d5 3. Nc3 dxe4 4. Nxe4 Nf6 5. Nxf6+ Qxf6 6. d4 h6 7. Bb5+ Bd7
8. Qe2 a6 9. Bxd7+ Nxd7 10. Qe4 c6 11. Bf4 Qe7 12. O-O Nf6 13. Qe2 Qd7 14. Rad1
Bd6 15. Ne5 Qc7 16. c4 Nd7 17. Rfe1 Bxe5 18. dxe5 O-O-O 19. Bg3 Nb6 20. Rd6 Kb8
21. b3 Nc8 22. Rxd8 Rxd8 23. Rd1 Rd7 24. Kf1 Qd8 25. Rxd7 Qxd7 26. Ke1 Qd4 27.
Qd2 Qe4+ 28. Kf1 b5 29. cxb5 axb5 30. f3 Qd5 31. Qxd5 cxd5 32. Bf2 h5 33. Ke2
Kc7 34. Bc5 Kc6 35. Bf8 g6 36. Ke3 Nb6 37. g4 Nd7 38. Bd6 f6 39. gxh5 gxh5 40.
f4 f5 41. Kd4 Nb6 42. Bb4 Nd7 43. Bd6 Kb6 44. Be7 Nb8 45. Bd8+ Kc6 46. Ba5 Na6
47. Be1 Nc5 48. Bb4 Ne4 49. Be1 Kb6 50. b4 Kb7 1/2-1/2

[Event "Faaker See op 27th"]
[Site "Latschach (13.8.-20.8)"]
[Date "2011.08.18"]
[Round "7.22"]
[White "Van der Grinten, Bas Dr"]
[Black "Riemelmoser, Stefan"]
[Result "1/2-1/2"]
[WhiteElo "1928"]
[BlackElo "2103"]
[PlyCount "59"]
[EventDate "2011.08.13"]
[EventType "swiss"]
[EventRounds "9"]
[EventCountry "AUT"]
[WhiteTeam "NED (Niederlande)"]
[BlackTeam "Simbach SC"]
[WhiteTeamCountry "NED"]
[BlackTeamCountry "GER"]

1. e4 e6 2. d4 d5 3. Nc3 Bb4 4. e5 c5 5. a3 Bxc3+ 6. bxc3 Ne7 7. Qg4 Qc7 8.
Qxg7 Rg8 9. Qxh7 cxd4 10. Ne2 Nbc6 11. f4 Bd7 12. Qd3 dxc3 13. h4 Nf5 14. h5
O-O-O 15. h6 Rg6 16. h7 Rh8 17. Be3 Qa5 18. Bf2 Nh6 19. Nd4 Nxd4 20. Qxd4 Rxh7
21. Qxa7 Qxa7 22. Bxa7 Rhg7 23. Rh3 Nf5 24. Rxc3+ Bc6 25. Rb1 Kd7 26. Bb5 Rxg2
27. Bxc6+ bxc6 28. Rb7+ Kc8 29. Rcb3 c5 30. Rb8+ 1/2-1/2

[Event "Faaker See op 27th"]
[Site "Latschach (13.8.-20.8)"]
[Date "2011.08.19"]
[Round "8.2"]
[White "Stopa, Jacek"]
[Black "Van Ginkel, Pieter"]
[Result "1-0"]
[WhiteElo "2474"]
[BlackElo "2244"]
[PlyCount "51"]
[EventDate "2011.08.13"]
[EventType "swiss"]
[EventRounds "9"]
[EventCountry "AUT"]
[WhiteTeam "POL (Polen)"]
[BlackTeam "Nürnberg-Süd SW"]
[WhiteTeamCountry "POL"]
[BlackTeamCountry "GER"]

1. d4 d5 2. Nf3 Nf6 3. g3 e6 4. Bg2 c5 5. c4 Nc6 6. O-O Be7 7. dxc5 Bxc5 8. a3
O-O 9. b4 Be7 10. Qc2 dxc4 11. Rd1 Qe8 12. Qxc4 Bd7 13. Bb2 Rc8 14. Qd3 e5 15.
Nbd2 Rd8 16. Qc3 Bf5 17. Nc4 Nd5 18. Rxd5 Rxd5 19. Nfxe5 Nd4 20. Qe3 Nc2 21.
Qf4 Be6 22. Bxd5 Nxa1 23. Bxe6 fxe6 24. Qg4 Nb3 25. Qxe6+ Kh8 26. Nd7 1-0

[Event "Faaker See op 27th"]
[Site "Latschach (13.8.-20.8)"]
[Date "2011.08.19"]
[Round "8.3"]
[White "Riemelmoser, Franz Dr"]
[Black "Okhotnik, Vladimir"]
[Result "1-0"]
[WhiteElo "2308"]
[BlackElo "2455"]
[PlyCount "119"]
[EventDate "2011.08.13"]
[EventType "swiss"]
[EventRounds "9"]
[EventCountry "AUT"]
[WhiteTeam "Simbach SC"]
[BlackTeam "FRA (Frankreich)"]
[WhiteTeamCountry "GER"]
[BlackTeamCountry "FRA"]

1. c4 e5 2. Nc3 Bb4 3. Nd5 Be7 4. Nf3 e4 5. Nd4 c6 6. Nc3 Nf6 7. d3 d5 8. dxe4
Nxe4 9. Nxe4 dxe4 10. e3 O-O 11. Be2 Qa5+ 12. Bd2 Qg5 13. Kf1 Nd7 14. h4 Qg6
15. Bh5 Qf6 16. Bc3 Ne5 17. Be2 Rd8 18. Qb3 Qg6 19. h5 Qg5 20. Qc2 Nd3 21. Rd1
c5 22. Nb5 Bg4 23. Nc7 Rac8 24. Nd5 Bd6 25. Bxg4 Qxg4 26. h6 Nb4 27. hxg7 Nxd5
28. Rxd5 Be7 29. f3 Qg6 30. Qxe4 Qxe4 31. fxe4 Rc6 32. Ke2 Rg6 33. Kf3 Re8 34.
Rdh5 f6 35. Rxh7 Rxg7 36. Rxg7+ Kxg7 37. e5 fxe5 38. Bxe5+ Kf7 39. Bf4 b6 40.
b3 Ra8 41. g4 Bf6 42. Rh7+ Kg6 43. Rb7 Rd8 44. Rxa7 Rd2 45. Rb7 Bd8 46. Bc7
Bxc7 47. Rxc7 Rd6 48. Rc8 Kg5 49. Rf8 Rd1 50. Rf5+ Kg6 51. Rd5 Ra1 52. Rd6+ Kf7
53. a4 Rf1+ 54. Ke4 Rg1 55. Kf5 Rf1+ 56. Ke5 Rg1 57. Rxb6 Rxg4 58. Kd6 Rg5 59.
a5 Rg6+ 60. Kxc5 1-0